000 00492cam a2200205ua 4500
001 7977
005 20260515114257.0
008 150110n ii |||gr||||Z||||||hin
020 _a9788170285731
040 _cMAIN
041 _ahin
082 _a891.436
100 _aViraj,
_eAuthor.
245 _aPramanik alekhan aur tippan
_cBy Viraj
250 _a1st.
260 _aNew Delhi:
_bRajpal,
_c2008.
300 _a192p.
653 _aEast Indo-European & Celtic literatures
942 _cBK
999 _c7091
_d7091